Johan Grimonprez. (Record no. 897)
[ view plain ]
| 000 -LEADER | |
|---|---|
| campo de control de longitud fija | 00722nam a22001697a 4500 |
| 008 - DATOS DE LONGITUD FIJA--INFORMACIÓN GENERAL | |
| campo de control de longitud fija | 160504b xxu||||| |||| 00| 0 eng d |
| 020 ## - NÚMERO INTERNACIONAL ESTÁNDAR DEL LIBRO | |
| Número Internacional Estándar del Libro | 9788445322581 |
| 020 ## - NÚMERO INTERNACIONAL ESTÁNDAR DEL LIBRO | |
| Número Internacional Estándar del Libro | 8445322583 |
| 082 ## - NÚMERO DE LA CLASIFICACIÓN DECIMAL DEWEY | |
| Número de clasificación | 708 |
| Número de ítem | G865j |
| 110 ## - ENTRADA PRINCIPAL--NOMBRE DE ENTIDAD CORPORATIVA | |
| Nombre de entidad corporativa o nombre de jurisdicción como elemento de entrada | Centro Galego de Arte Contemporánea (Santiago de Compostela) |
| 9 (RLIN) | 4933 |
| 245 ## - MENCIÓN DEL TÍTULO | |
| Título | Johan Grimonprez. |
| Mención de responsabilidad, etc. | Centro Galego de Arte Contemporánea (Santiago de Compostela) |
| 260 ## - PUBLICACIÓN, DISTRIBUCIÓN, ETC. | |
| Lugar de publicación, distribución, etc. | Santiago |
| Nombre del editor, distribuidor, etc. | Centro Galego de Arte Contemporánea |
| Fecha de publicación, distribución, etc. | 1998. |
| 300 ## - DESCRIPCIÓN FÍSICA | |
| Extensión | 93 pag |
| Otras características físicas | illustrations (some color) |
| Dimensiones | 23 cm |
| 650 ## - PUNTO DE ACCESO ADICIONAL DE MATERIA--TÉRMINO DE MATERIA | |
| Término de materia o nombre geográfico como elemento de entrada | Johan Grimonprez 1962 |
| Subdivisión de forma | Exhibiciones |
| Subdivisión general | Arte Belgica |
| Subdivisión cronológica | Arte Multimedia |
| Subdivisión geográfica | Siglo XXI |
| 9 (RLIN) | 4934 |
| 700 ## - ENTRADA AGREGADA--NOMBRE PERSONAL | |
| Nombre de persona | Johan Grimonprez. |
| 9 (RLIN) | 4935 |
| 710 ## - ENTRADA AGREGADA--NOMBRE DE ENTIDAD CORPORATIVA | |
| Nombre de entidad corporativa o nombre de jurisdicción como elemento de entrada | Centro Galego de Arte Contemporánea (Santiago de Compostela) |
| 9 (RLIN) | 4936 |
| Estatus retirado | Estado de pérdida | Fuente del sistema de clasificación o colocación | Estado de daño | No para préstamo | Biblioteca de origen | Biblioteca actual | Ubicación en estantería | Fecha de adquisición | Total de préstamos | Signatura topográfica completa | Código de barras | Visto por última vez | Precio de reemplazo | Tipo de ítem Koha |
|---|---|---|---|---|---|---|---|---|---|---|---|---|---|---|
| Clasificación Decimal Dewey | Biblioteca LadoV | Biblioteca LadoV | 04/05/2016 | 708 G865j | 000808 | 04/05/2016 | 04/05/2016 | Material 01 |
